| 000 | 00504nam a2200169Ia 4500 | ||
|---|---|---|---|
| 999 |
_c37135 _d37135 |
||
| 003 | OSt | ||
| 005 | 20201023153121.0 | ||
| 008 | 190216s9999||||xx |||||||||||||| ||und|| | ||
| 040 | _coclc | ||
| 082 |
_a658.4030151 _bUSI/D |
||
| 100 |
_96096 _aUSI Publications |
||
| 245 | 0 |
_aData Interpretation & Data Sufficiency / _cUSI Publications |
|
| 260 |
_bUSI Publications, _c2013. |
||
| 300 | _a120p | ||
| 650 | _xManagement | ||
| 942 |
_cREF _2ddc _h658.4030151 _iUSI/D _k658.4030151 _mUSI/D |
||